000
00350nam a2200145Ia 4500
008
220923s9999 xx 000 0 und d
020
_a
97881898040030
082
_b
RED
100
_a
REDDY, G.B.
245
0
_a
INTELLECTUAL PROPERTY RIGHTS AND THE LAW
260
_c
2017
300
_a
580
650
_a
Intellectual Property Right
942
_c
BK
999
_c
195556
_d
195556